000 00308 a2200133 4500
999 _c325584
_d325584
001 90511
003 NUST
082 _a823.914 SIN
100 _aNicky Singer
_99881
245 _aFeather Boy
_hEnglish
260 _aGreat Britain
_bCollins
_c2001
300 _a285p.
500 _aGeneral Books
942 _aCAE NUST
_cBK
_k823.914 SIN
_2ddc